[Event "Gothenburg Kvibergspelen"]
[Site "Gothenburg"]
[Date "2023.09.17"]
[Round "8"]
[White "Kashwan, Hassan"]
[Black "Ollen, Martin"]
[Result "0-1"]
[WhiteElo "1901"]
[BlackElo "2143"]
[PlyCount "56"]
[EventDate "2023.09.15"]
[EventType "swiss"]
[EventRounds "8"]
[EventCountry "SWE"]
[SourceTitle "EXT 2024"]
[Source "ChessBase"]
[SourceDate "2023.10.10"]
[SourceVersion "1"]
[SourceVersionDate "2023.10.10"]
[SourceQuality "1"]

1. d4 Nf6 2. c4 g6 3. Nc3 d5 4. Nf3 Bg7 5. h3 0-0 6. e3 c5 7. cxd5 Nxd5 8. Qb3 Nxc3 9. bxc3 Nc6 10. Be2 Na5 11. Qd1 Be6 12. 0-0 Rc8 13. Nd2 a6 14. Ba3 cxd4 15. cxd4 b5 16. Bb4 Nc4 17. Bxc4 Bxc4 18. Nxc4 Rxc4 19. Qd2 Qd7 20. Rac1 Rfc8 21. Bc5 R8xc5 22. Rcd1 Rc8 23. d5 Qd6 24. Qe2 Rc2 25. Qg4 h5 26. Qe4 Rxa2 27. Rc1 Rxc1 28. Rxc1 Ra1 0-1

[Event "Gothenburg Kvibergspelen"]
[Site "Gothenburg"]
[Date "2023.09.16"]
[Round "6"]
[White "Hansen, Sune Berg"]
[Black "Ollen, Martin"]
[Result "1/2-1/2"]
[WhiteElo "2512"]
[BlackElo "2143"]
[PlyCount "241"]
[EventDate "2023.09.15"]
[EventType "swiss"]
[EventRounds "8"]
[EventCountry "SWE"]
[SourceTitle "EXT 2024"]
[Source "ChessBase"]
[SourceDate "2023.10.10"]
[SourceVersion "1"]
[SourceVersionDate "2023.10.10"]
[SourceQuality "1"]

1. d4 Nf6 2. Nf3 g6 3. g3 Bg7 4. Bg2 0-0 5. 0-0 d5 6. a4 c5 7. dxc5 Na6 8. Nc3 Nxc5 9. Be3 Nce4 10. Bd4 Bf5 11. a5 Nxc3 12. Bxc3 Rc8 13. Qd4 a6 14. Qb4 Qd7 15. Rac1 Rc7 16. Ne5 Qc8 17. Nd3 Bh3 18. Be5 Bxg2 19. Kxg2 Rc4 20. Qxe7 Re8 21. Qa3 Rxc2 22. Rxc2 Qxc2 23. Rc1 Qxe2 24. Bxf6 Qe4+ 25. Kg1 Bxf6 26. Re1 Qxe1+ 27. Nxe1 Rxe1+ 28. Kg2 Re2 29. Qf3 Re6 30. b3 Rd6 31. Qf4 Be7 32. Qe5 Bf8 33. Qd4 f6 34. Kf1 Kf7 35. Qa7 Rd7 36. Ke2 d4 37. Kd3 Be7 38. Qb8 Bd8 39. Qc8 Ke7 40. Qc5+ Kf7 41. b4 Ke8 42. Qc4 Kf8 43. Qe6 Rc7 44. Qd6+ Ke8 45. Qd5 Rf7 46. Qe6+ Kf8 47. Kxd4 f5 48. Qd6+ Be7 49. Qb8+ Kg7 50. Kc4 Bf6 51. f4 Re7 52. Qc8 h5 53. Kd5 Rf7 54. h3 Re7 55. Kd6 Rf7 56. Kd5 Re7 57. g4 hxg4 58. hxg4 fxg4 59. Qxg4 Kf7 60. Kd6 Bg7 61. Qf3 Bf8 62. Kd5 Bg7 63. Qh3 Bf6 64. Kd6 Bg7 65. f5 Be5+ 66. Kd5 gxf5 67. Qxf5+ Bf6 68. Kd6 Kg7 69. b5 axb5 70. Qxb5 Kf7 71. Qf5 Kg7 72. Qh5 Kf8 73. Qg6 Be5+ 74. Kc5 Bg7 75. Kb6 Bd4+ 76. Kb5 Bg7 77. Qg4 Kf7 78. Kb6 Bf6 79. Ka7 Bg7 80. Qh5+ Kf8 81. Qf5+ Kg8 82. Kb8 Rf7 83. Qe6 Bf6 84. Kc8 Kg7 85. Qg4+ Kf8 86. Qg6 Bg7 87. Qd6+ Kg8 88. Kd8 Rf8+ 89. Kd7 Rf7+ 90. Kc8 Bf6 91. Qe6 Kf8 92. Qg4 Bg7 93. Qb4+ Kg8 94. Kd8 Rf8+ 95. Kd7 Rf7+ 96. Ke6 Rf6+ 97. Kd5 Rf5+ 98. Ke4 Rf7 99. Qd2 Re7+ 100. Kf5 Re5+ 101. Kg4 Re4+ 102. Kf3 Re7 103. Qd5+ Kf8 104. Kf4 Bf6 105. Kg4 Rg7+ 106. Kf4 Re7 107. Qc5 Kf7 108. Qb4 Kg6 109. Kg4 Kg7 110. Qb5 Kg6 111. Qd5 Rf7 112. Qf5+ Kh6 113. Qe4 Re7 114. Qd5 Kg6 115. Qg8+ Bg7 116. Qc4 Bf6 117. Qd3+ Kg7 118. Qd6 Kg6 119. Qd5 Rf7 120. Qh5+ Kg7 121. Kf5 1/2-1/2

[Event "SWE-chT 1415 Superettan"]
[Site "Sweden"]
[Date "2015.03.22"]
[Round "9"]
[White "Ottenklev, Niclas"]
[Black "Ollen, Martin"]
[Result "1-0"]
[WhiteElo "2146"]
[BlackElo "1927"]
[PlyCount "67"]
[EventDate "2014.11.21"]
[EventType "team-tourn"]
[EventRounds "9"]
[EventCountry "SWE"]
[SourceTitle "EXT 2018"]
[Source "ChessBase"]
[SourceDate "2017.10.13"]
[SourceVersion "1"]
[SourceVersionDate "2017.10.13"]
[SourceQuality "1"]
[WhiteTeam "Norrkoping Schack 08"]
[BlackTeam "Limhamn II"]
[WhiteTeamCountry "SWE"]
[BlackTeamCountry "SWE"]

1. e4 d6 2. d4 Nf6 3. Nc3 g6 4. f3 Bg7 5. Be3 0-0 6. Qd2 c6 7. Nge2 b5 8. g4 Nbd7 9. Bh6 b4 10. Nd1 c5 11. Bxg7 Kxg7 12. h4 h5 13. g5 Ne8 14. f4 Bb7 15. d5 a5 16. Ne3 Ba6 17. Ng3 Nc7 18. Bxa6 Rxa6 19. Qe2 Rh8 20. 0-0 Rb6 21. Nc4 Nb5 22. Nxb6 Qxb6 23. Qc4 Nd4 24. Rad1 Qa7 25. Rf2 Nb6 26. Qd3 Qd7 27. c3 Nb5 28. f5 Nc7 29. Rdf1 Qe8 30. Qf3 Nd7 31. fxg6 Ne5 32. Nxh5+ Rxh5 33. Qxh5 Nxg6 34. Rxf7+ 1-0

[Event "SWE-chT 1415 Superettan"]
[Site "Sweden"]
[Date "2015.01.18"]
[Round "6"]
[White "Akesson, Joel"]
[Black "Ollen, Martin"]
[Result "1-0"]
[WhiteElo "2290"]
[BlackElo "1927"]
[PlyCount "59"]
[EventDate "2014.11.21"]
[EventType "team-tourn"]
[EventRounds "9"]
[EventCountry "SWE"]
[SourceTitle "EXT 2018"]
[Source "ChessBase"]
[SourceDate "2017.10.13"]
[SourceVersion "1"]
[SourceVersionDate "2017.10.13"]
[SourceQuality "1"]
[WhiteTeam "Manhem"]
[BlackTeam "Limhamn II"]
[WhiteTeamCountry "SWE"]
[BlackTeamCountry "SWE"]

1. c4 Nf6 2. g3 g6 3. Bg2 Bg7 4. Nc3 d6 5. d3 c6 6. e4 0-0 7. Nge2 Nh5 8. 0-0 f5 9. d4 e5 10. dxe5 Bxe5 11. Bh6 Ng7 12. exf5 Bxf5 13. Nd4 Qb6 14. Nxf5 Rxf5 15. Qd2 Na6 16. Be3 Qb4 17. Ne4 Qxd2 18. Bxd2 Raf8 19. Be3 d5 20. cxd5 cxd5 21. f4 Bxb2 22. Rab1 d4 23. Bf2 Rb5 24. Ng5 Rb4 25. Bd5+ Kh8 26. Nf7+ Rxf7 27. Bxf7 Nf5 28. Rfd1 Ne3 29. Rd3 Nc5 30. Rxd4 1-0

[Event "SWE-chT2 1314"]
[Site "Sweden"]
[Date "2014.03.08"]
[Round "8"]
[White "Ottenklev, Niclas"]
[Black "Ollen, Martin"]
[Result "0-1"]
[WhiteElo "2171"]
[BlackElo "1917"]
[PlyCount "58"]
[EventDate "2013.11.22"]
[EventType "team-tourn"]
[EventRounds "9"]
[EventCountry "SWE"]
[SourceTitle "EXT 2015"]
[Source "ChessBase"]
[SourceDate "2014.11.20"]
[SourceVersion "1"]
[SourceVersionDate "2014.11.20"]
[SourceQuality "1"]
[WhiteTeam "Norrkoping Schack 08"]
[BlackTeam "Limhamn II"]
[WhiteTeamCountry "SWE"]
[BlackTeamCountry "SWE"]

1. e4 c5 2. Nc3 Nc6 3. f4 g6 4. Nf3 Bg7 5. Bb5 a6 6. Bxc6 dxc6 7. d3 Nf6 8. 0-0 0-0 9. Qe1 Qc7 10. Qh4 b5 11. f5 gxf5 12. Bh6 Bxh6 13. Qxh6 Ng4 14. Qh4 f6 15. Rae1 e5 16. h3 Qg7 17. hxg4 f4 18. g5 Be6 19. Kf2 c4 20. dxc4 Qa7+ 21. Ke2 Rad8 22. Nd5 cxd5 23. Qf2 Qc7 24. exd5 Qxc4+ 25. Kd1 Rxd5+ 26. Kc1 Qxa2 27. Nd2 Rxd2 28. Kxd2 Rd8+ 29. Ke2 Bg4+ 0-1

[Event "SWE-chT2 1314"]
[Site "Sweden"]
[Date "2014.01.19"]
[Round "5"]
[White "Landgren, Philip"]
[Black "Ollen, Martin"]
[Result "1-0"]
[WhiteElo "2232"]
[BlackElo "1917"]
[PlyCount "75"]
[EventDate "2013.11.22"]
[EventType "team-tourn"]
[EventRounds "9"]
[EventCountry "SWE"]
[SourceTitle "EXT 2015"]
[Source "ChessBase"]
[SourceDate "2014.11.20"]
[SourceVersion "1"]
[SourceVersionDate "2014.11.20"]
[SourceQuality "1"]
[WhiteTeam "Manhem"]
[BlackTeam "Limhamn II"]
[WhiteTeamCountry "SWE"]
[BlackTeamCountry "SWE"]

1. d4 Nf6 2. Nf3 g6 3. c3 Bg7 4. Bg5 0-0 5. Nbd2 d6 6. e4 Nc6 7. h3 e5 8. dxe5 Nxe5 9. Nxe5 dxe5 10. Bc4 Qe8 11. 0-0 h6 12. Be3 b6 13. a4 Bb7 14. Qc2 a6 15. b4 Rd8 16. Be2 Qe6 17. a5 b5 18. c4 Qc6 19. Rfc1 bxc4 20. Qxc4 Qxc4 21. Rxc4 Ne8 22. Nb3 f5 23. Nc5 Bc8 24. f3 f4 25. Bf2 Rd2 26. Kf1 Rf6 27. Be1 Rd8 28. Rc2 Kh7 29. b5 Bf8 30. Nxa6 Bxa6 31. bxa6 c5 32. Rb1 Ra8 33. Rb7+ Kg8 34. a7 Nd6 35. Rc7 Rf7 36. R2xc5 Rxa7 37. Rxa7 Rxa7 38. Rxe5 1-0

[Event "SWE-ch U20"]
[Site "Oerebro"]
[Date "2013.07.12"]
[Round "7"]
[White "Ollen, Martin"]
[Black "Olund, Joar"]
[Result "0-1"]
[WhiteElo "1883"]
[BlackElo "2237"]
[PlyCount "66"]
[EventDate "2013.07.06"]
[EventType "tourn"]
[EventRounds "9"]
[EventCountry "SWE"]
[SourceTitle "EXT 2014"]
[Source "ChessBase"]
[SourceDate "2013.11.20"]
[SourceVersion "1"]
[SourceVersionDate "2013.11.20"]
[SourceQuality "1"]

1. e4 g6 2. d4 Bg7 3. Nc3 d6 4. f4 a6 5. Nf3 b5 6. Bd3 Nd7 7. Qe2 c5 8. e5 cxd4 9. Be4 Rb8 10. Nxd4 dxe5 11. Nc6 Qc7 12. Nxb8 Qxb8 13. 0-0 e6 14. Qf2 f5 15. Bc6 Ngf6 16. Kh1 0-0 17. a4 b4 18. Ne2 Bb7 19. Bxb7 Qxb7 20. Qe1 Ne4 21. c3 Ndc5 22. Be3 Nd3 23. Qb1 Rd8 24. fxe5 Qe7 25. Nd4 Nxe5 26. Nf3 Ng4 27. Bd4 e5 28. Bg1 g5 29. cxb4 Qf6 30. Qa2+ Kh8 31. Bc5 Nxc5 32. bxc5 e4 33. Ng1 Qe5 0-1

[Event "SWE-ch U20"]
[Site "Oerebro"]
[Date "2013.07.08"]
[Round "3"]
[White "Kassani, Sam"]
[Black "Ollen, Martin"]
[Result "1/2-1/2"]
[WhiteElo "2172"]
[BlackElo "1883"]
[PlyCount "80"]
[EventDate "2013.07.06"]
[EventType "tourn"]
[EventRounds "9"]
[EventCountry "SWE"]
[SourceTitle "EXT 2014"]
[Source "ChessBase"]
[SourceDate "2013.11.20"]
[SourceVersion "1"]
[SourceVersionDate "2013.11.20"]
[SourceQuality "1"]

1. d4 Nf6 2. Nf3 g6 3. e3 Bg7 4. Be2 0-0 5. 0-0 d6 6. b3 Nc6 7. Bb2 e5 8. a3 e4 9. Nfd2 d5 10. c4 Ne7 11. Nc3 c6 12. cxd5 cxd5 13. b4 Nd7 14. Qb3 Nb6 15. a4 Be6 16. a5 Nbc8 17. b5 Nf5 18. Ba3 Re8 19. b6 a6 20. Rfc1 Qg5 21. Nf1 h5 22. Na4 Nh4 23. Ng3 Ne7 24. Bxe7 Rxe7 25. Rc7 Nxg2 26. Kxg2 h4 27. Rac1 Rae8 28. Rxe7 Rxe7 29. Rc7 Bf8 30. Nc5 Bg4 31. Bxg4 Qxg4 32. Rxe7 Qf3+ 33. Kg1 hxg3 34. hxg3 Bxe7 35. Nxb7 Qe2 36. Nc5 Bd6 37. b7 Kg7 38. Nd7 Bxg3 39. fxg3 Qe1+ 40. Kh2 Qe2+ 1/2-1/2

[Event "SWE-ch U20"]
[Site "Oerebro"]
[Date "2013.07.07"]
[Round "2"]
[White "Ollen, Martin"]
[Black "Lokander, Martin"]
[Result "0-1"]
[WhiteElo "1883"]
[BlackElo "2238"]
[PlyCount "68"]
[EventDate "2013.07.06"]
[EventType "tourn"]
[EventRounds "9"]
[EventCountry "SWE"]
[SourceTitle "EXT 2014"]
[Source "ChessBase"]
[SourceDate "2013.11.20"]
[SourceVersion "1"]
[SourceVersionDate "2013.11.20"]
[SourceQuality "1"]

1. e4 e5 2. Nf3 Nc6 3. Bb5 a6 4. Ba4 Nf6 5. Qe2 b5 6. Bb3 Bc5 7. d3 0-0 8. Bg5 h6 9. Bh4 Be7 10. c3 d6 11. 0-0 Nh5 12. Bxe7 Qxe7 13. Nbd2 Be6 14. Bc2 Qf6 15. Qe3 Rfe8 16. Rfe1 Nf4 17. d4 Bh3 18. g3 Ng2 19. Qd3 Nxe1 20. Rxe1 g6 21. Qe3 Qg7 22. Nh4 exd4 23. cxd4 Nxd4 24. Bb1 c5 25. f4 Nf5 26. Nxf5 gxf5 27. e5 dxe5 28. fxe5 Rad8 29. Nf3 Bg4 30. Nh4 Rd5 31. Qf2 Rdxe5 32. Rxe5 Qxe5 33. Bxf5 Bxf5 34. Nxf5 Qe1+ 0-1

[Event "SWE-chT2 1213"]
[Site "Sweden"]
[Date "2013.03.15"]
[Round "7"]
[White "Marttala, Thomas"]
[Black "Ollen, Martin"]
[Result "1-0"]
[WhiteElo "2210"]
[BlackElo "1873"]
[PlyCount "79"]
[EventDate "2012.10.20"]
[EventType "team-tourn"]
[EventRounds "9"]
[EventCountry "SWE"]
[SourceTitle "EXT 2015"]
[Source "ChessBase"]
[SourceDate "2014.11.20"]
[SourceVersion "1"]
[SourceVersionDate "2014.11.20"]
[SourceQuality "1"]
[WhiteTeam "Upsala"]
[BlackTeam "Limhamn II"]
[WhiteTeamCountry "SWE"]
[BlackTeamCountry "SWE"]

1. Nf3 Nf6 2. c4 g6 3. Nc3 d5 4. cxd5 Nxd5 5. Qa4+ Bd7 6. Qb3 Nb6 7. d4 Bg7 8. e4 0-0 9. Be3 a5 10. h3 a4 11. Qa3 Nc6 12. Be2 Na5 13. Qc5 a3 14. b4 Nc6 15. 0-0 Nc8 16. Qc4 Nd6 17. Qb3 e5 18. dxe5 Nxe5 19. Nd4 Qh4 20. f4 Nc6 21. e5 Bxh3 22. Nxc6 bxc6 23. exd6 Qg3 24. Bf3 Rae8 25. Ne2 Qh4 26. gxh3 Bxa1 27. Rxa1 cxd6 28. Kg2 d5 29. Rc1 Rc8 30. Qc3 Rfe8 31. Bd4 Re6 32. Bf2 Qd8 33. Nd4 Rd6 34. Re1 h5 35. Qe3 Qc7 36. Qe5 Rcd8 37. Bh4 Rc8 38. Be7 Rd7 39. Qg5 c5 40. bxc5 1-0

[Event "SWE-chT2 1213"]
[Site "Sweden"]
[Date "2012.10.21"]
[Round "2"]
[White "Arvidsson, Tomas"]
[Black "Ollen, Martin"]
[Result "0-1"]
[WhiteElo "2134"]
[BlackElo "1866"]
[PlyCount "50"]
[EventDate "2012.10.20"]
[EventType "team-tourn"]
[EventRounds "9"]
[EventCountry "SWE"]
[SourceTitle "EXT 2015"]
[Source "ChessBase"]
[SourceDate "2014.11.20"]
[SourceVersion "1"]
[SourceVersionDate "2014.11.20"]
[SourceQuality "1"]
[WhiteTeam "Norrkoping Schack 08"]
[BlackTeam "Limhamn II"]
[WhiteTeamCountry "SWE"]
[BlackTeamCountry "SWE"]

1. f4 c5 2. Nf3 Nf6 3. d3 d5 4. e3 Nc6 5. Be2 g6 6. 0-0 Bg7 7. Qe1 0-0 8. Qh4 b5 9. a4 b4 10. Nbd2 Qb6 11. e4 c4+ 12. Kh1 c3 13. bxc3 bxc3 14. Rb1 Qe3 15. Re1 cxd2 16. Bxd2 Qc5 17. Rb5 Qxc2 18. Bd1 Qxd3 19. Be2 Qxe4 20. Rc5 Nd4 21. Ng5 Nf5 22. Qh3 Qd4 23. Rc2 h6 24. Nf3 Qxa4 25. Rc5 Ne4 0-1

[Event "Deltalift op"]
[Site "Tylosand"]
[Date "2012.05.18"]
[Round "5"]
[White "Ollen, Martin"]
[Black "Karlsson, Jorgen"]
[Result "1-0"]
[WhiteElo "1835"]
[BlackElo "2175"]
[PlyCount "99"]
[EventDate "2012.05.17"]
[EventType "swiss"]
[EventRounds "8"]
[EventCountry "SWE"]
[SourceTitle "CBM 148 Extra"]
[Source "ChessBase"]
[SourceDate "2012.06.22"]
[SourceVersion "1"]
[SourceVersionDate "2012.06.22"]
[SourceQuality "1"]

1. e4 d6 2. d4 Nf6 3. Nd2 g6 4. Ngf3 Bg7 5. Bc4 0-0 6. 0-0 Nc6 7. c3 e5 8. d5 Ne7 9. Qe2 Nh5 10. Rd1 Nf4 11. Qe1 f5 12. exf5 gxf5 13. Nf1 Neg6 14. Ng3 Kh8 15. Ne2 Bh6 16. Kh1 e4 17. Nfd4 Kg7 18. g3 Nh5 19. Bxh6+ Kxh6 20. Ng1 Qe7 21. f4 exf3 22. Ngxf3 Qxe1+ 23. Rxe1 f4 24. Kg2 Bg4 25. Rf1 Rae8 26. Rae1 Rxe1 27. Rxe1 fxg3 28. hxg3 Bxf3+ 29. Nxf3 c5 30. dxc6 bxc6 31. Rh1 Rxf3 32. Kxf3 Ne5+ 33. Kf2 Nxc4 34. g4 Nxb2 35. Rxh5+ Kg6 36. Ke2 Nc4 37. Rh1 Ne5 38. Rd1 d5 39. Rd4 a5 40. Kf2 Nc4 41. Kg3 Kg5 42. Rf4 Nd6 43. Ra4 Ne4+ 44. Kf3 Nxc3 45. Rxa5 Ne4 46. Ra7 h5 47. gxh5 Kxh5 48. Ke3 Kg5 49. Kd4 Kf5 50. Ra6 1-0